000 00602nam a2200217 4500
001 127079
003 ES-MaACL
005 20230906192935.0
007 t|
008 070214s1983 mx r ||||1| spa d
020 _a968-16-1258-2
100 1 _aReyes, Alfonso,
_d1889-1959
_996554
245 1 3 _aLa experiencia literaria /
_cAlfonso Reyes.
250 _a3ª. ed.
260 _aMéxico :
_bFondo de Cultura Económica,
_c1983.
300 _a221 p. ;
_c17 cm.
490 1 _aPopular ;
_v236
830 0 _aPopular ;
_v236
_9181401
852 _aES-MaACL
_jL-8375
_bR.108771
999 _c127079
_d127079